| 000 | 01576cab a2200241 4500 | ||
|---|---|---|---|
| 001 | ABS68645 | ||
| 008 | 050125n2005 000 0 eng u | ||
| 035 | _a(Sirsi) u128605 | ||
| 110 |
_aConstruction Industry Council _92417 |
||
| 245 | _aAsbestos related claims and professional indemnity insurance | ||
| 260 | _c2005 | ||
| 490 |
_aCivil Engineering Surveyor _vDecember/January 2005, 23(1) |
||
| 520 | _aDescribes how asbestos related risks are now excluded from virtually all professional indemnity insurance policies and the consequences this has for consultants. Notes that some cover is available for consultants including a cost inclusive aggregate amount and for negligence claims only. Examines what can be done under Reg 4 of the Control of Asbestos at Work Regulations 2002 which apply to non-domestic premises. It sets out specific steps that a dutyholder has to take in relation to the assessment and in the event that asbestos is found. Argues that both consultants and clients need to realistically assess the risks and the availability of insurance cover. There must be clear terms of engagement regarding the scope of the consultants' duties and any limitation on consultants' liability should be agreed. | ||
| 590 | _aABS | ||
| 650 | _aCONTROL OF ASBESTOS AT WORK REGULATIONS 2002 REG 4 | ||
| 650 | _aPROFESSIONAL INDEMNITY INSURANCE | ||
| 650 | _aINSURANCE COVER | ||
| 650 | _aLIABILITY | ||
| 650 | _aCONSTRUCTION CONSULTANTS | ||
| 650 | _aMANAGEMENT-HEALTH AND SAFETY-HAZARDOUS SUBSTANCES-ASBESTOS | ||
| 690 |
_aInsurance _96249 |
||
| 942 | _n0 | ||
| 999 |
_c74751 _d74751 |
||